Responses for Show #6229 - Thursday, October 20, 2011

Contestants

[<< previous game]

Jay Peterson, an English professor from Howell, New Jersey

Jessie Christensen, a librarian from Orem, Utah

Lloyd Caesar, an office manager from Watervliet, New York (whose 1-day cash winnings total $22,359)

[next game >>]

Jeopardy! Round responses

SPORTS & CIVIL RIGHTS
LITERARY STUPID ANSWERS
CONJUNCTIONS
MEET THE FLINT STONES
AT SIXES & SEVENS
YUM "O"!
    $200 6
(Alex: He was a great catcher.)

the (New York) Yankees

Jessie
    $200 7
Sons and Lovers

Jessie
    $200 1
so

Jessie
    $200 26
fire

Jessie
    $200 20
July

Jessie
    $200 12
Oreo

Jessie
    $2,000 16
(Alex: [*]. You got it. Education Amendments of 1972.)

Title IX

Jay
    $400 8
The Plague

Jay
    $400 2
because

Jay
    $400 27
(Jessie: What is graphite?)

chalk

JessieJay
    $400 22
(Jay: What is a septathlon?)

a heptathlon

JessieJay
    $400 13
an omelet

Lloyd
    $600 17
a referee

Jay
    $600 9
(Jay: What is Guilty?)

Innocent

JessieJay
    $600 3
neither

Lloyd
    $600 28
quartz

Lloyd
    $600 23
John Quincy Adams

Jay
    $600 14
olives

Jessie
    $800 18
Oscar Robertson

Jay
    $800 10
Wildfell Hall

Lloyd
    $800 4
or

Jessie
    $800 29
Truth or Consequences

Lloyd
    $800 24
(Jessie: Who is Scheherazade?)

Salome

Jessie
Triple Stumper
    $800 15
oysters

Jay
    $1000 19
the (Chicago) Cubs

Jay
    $1000 11
The Woman in White

Jessie
    $1000 5
yet (or but)

Jay
    $1000 30
the Cliffs of Dover

Jay
    $1000 25
the Six-Day War

Lloyd
    $1000 21
onion soup

Jessie

Scores at the first commercial break (after clue 15):

Lloyd Jessie Jay
$1,800 $3,800 $2,000

Scores at the end of the Jeopardy! Round:

Lloyd Jessie Jay
$4,200 $4,400 $8,000

Double Jeopardy! Round responses

SHIP LORE
AUSTRALISMS
HISTORIC NAMES
THE HIGH LAND
ACTING HURT
REALLY HURT
    $400 19
a mast

Jay
    $400 13
children

Jessie
    $400 3
Marco Polo

Lloyd
    $400 1
the United States

Jessie
    $400 11
Harry Potter

Jay
    $400 18
nerves

Lloyd
    $800 20
the devil

Lloyd
    $800 14
Sheila

Jay
    $800 7
Genghis Khan

Jessie
    $800 2
(Jessie: What is Kenya?)
...
(Alex: [*]. Mt. Kilimanjaro, correct.)

Tanzania

JessieJay
    $800 12
(Henry) Paulson

Lloyd
    $800 21
(Jay: What is hematoma?)
(Lloyd: What is maceration?)

a contusion

LloydJessieJay
    $1200 25
(Jessie: What is a mage?)

warlocks

LloydJessie
    $1200 15
Matilda

Jessie
    $1200 8
(Allan) Pinkerton

Jay
    $1200 4
Nepal

Jessie
    $1200 26
Edie Falco

Jessie
    $1200 22
a dislocation

Jessie
    $1600 27
a Fiddler's Green

Lloyd
    $1600 16
(Alex: Yes, just like you!)

engaged

Jay
    $2,000 9
(Alex: Yes, that's right. Never found the Fountain of Youth, but wound up as governor. Go again.)

Poncé de Leon

Jay
    $1600 5
South America

Jessie
    $1600 29
New York

Jessie
    $3,800 23
(Jessie: Uh, what is... um... uh...)
...
(Alex: When you say "Rogaine", you think of hair... Baldness. So it's [*].)

a hairline fracture

Jessie
    $2000 28
Ghost Ships

Lloyd
    $2000 17
beak

Jessie
    $2000 10
Thomas Paine

Triple Stumper
    $2000 6
Russia

Lloyd
    $2000 30
Kiss of the Spider Woman

Triple Stumper
    $2000 24
referred pain (referral accepted)

Jay

Scores at the end of the Double Jeopardy! Round:

Lloyd Jessie Jay
$12,600 $11,000 $16,400

[wagering suggestions for these scores]

Final Jeopardy! Round responses

TOP OF THE POP CHARTS
(Alex: Three brothers had many, many, many hits. The youngest brother had a number of hits on his own.)
...
(Alex: I'm going home whistling and singing "Night Fever", and we'll see you all tomorrow right here.)
JessieWho is Michael Jackson?
$10,000
LloydWho is Andy Gibb?
$12,599
JayWho is Andy Gibb?
$8,801
Andy Gibb

Final scores:

Lloyd Jessie Jay
$25,199 $1,000 $25,201
2nd place: $2,000 3rd place: $1,000 New champion: $25,201

Game dynamics:

Coryat scores:

Lloyd Jessie Jay
$12,600 $14,800 $14,400
14 R,
1 W
23 R,
5 W
(including 1 DD)
19 R
(including 2 DDs),
3 W

Combined Coryat: $41,800

[game clues] [game scores] [suggest correction]

Game tape date: 2011-08-30
The J! Archive is created by fans, for fans. Scraping, republication, monetization, and malicious use prohibited; this site may use cookies and collect identifying information. See terms. The Jeopardy! game show and all elements thereof, including but not limited to copyright and trademark thereto, are the property of Jeopardy Productions, Inc. and are protected under law. This website is not affiliated with, sponsored by, or operated by Jeopardy Productions, Inc. Join the discussion at JBoard.tv.